| 000 | 00445 a2200109 4500 | ||
|---|---|---|---|
| 001 | ART_15660 | ||
| 005 | 20260410161918.0 | ||
| 008 | 260409a | ||
| 245 | 1 | 0 | _aLas participaciones minoritarias en los estados contables consolidados ante el concepto amplio de control |
| 100 | 1 | _aVerón, Carmen S. | |
| 773 | 0 |
_tDocumentos de trabajo de contabilidad, auditoría y responsabilidad social _g- Año 1, Nº 2 (dic. 2011) _wREV14385 |
|
| 999 |
_c27446 _d27446 |
||